00575nam a2200169Ia 4500008004100000100002100041245009300062245002100155260005900176260000900235300001000244650001800254650001500272856002600287999001900313952007300332170221s9999 xx 000 0 und d aCarmen M. Cusack a“How the content of online pornography depicts expressed consent for insemination”  cCarmen M. Cusack bOnline Journal of Communication and Media Technologies c2016 a5 : 1 xCommunication xMedia Arts uhttp://www.ojcmt.net/ c312915d312915 001040aCLbCLd2017-02-21l0r2017-02-21 00:00:00w2017-02-21yFOJ